| 000 | 00952nas a2200313 4500 | ||
|---|---|---|---|
| 001 | BR2011001544 | ||
| 003 | BR-BrBNA | ||
| 005 | 20231205114518.0 | ||
| 007 | ta | ||
| 008 | 230509b bl.|||p| |||| 00| 00por d | ||
| 040 |
_aBR-BrBNA _bpor _cBiblioteca Nacional de Agricultura |
||
| 041 | _a(Pt) | ||
| 072 | _aL72 | ||
| 100 | 1 | _aDuarte, E.R. | |
| 100 | 1 | _aOliveira, N.J.F. de | |
| 100 | 1 | _aSilveira, J.T. | |
| 100 | 1 | _aRibeiro, F.L.A. | |
| 100 | 1 | _aSouza, R.M. de | |
| 245 | 1 | _aControle de verminose em equinos no norte de Minas Gerais com associação de pamoato de pirantel e ivermectina | |
| 650 | _aEQUINO | ||
| 650 | _aVERMINOSE | ||
| 650 | _aANTI-HELMÍNTICO | ||
| 650 | _aHELMINTO GASTRINTESTINAL | ||
| 650 | _aPRENHEZ | ||
| 650 | _aMINAS GERAIS | ||
| 773 | 0 |
_tRevista Caatinga (Brazil) _xISSN 0100-316X _g(Jan-Mar 2008), v. 21(1) p. 224-227 _wBR2011001544 |
|
| 909 |
_a202311 _bLúcia _c55 _dLúcia Elande |
||
| 942 |
_2AGRIS _n0 _cANA |
||
| 999 |
_c209109 _d209109 |
||